Personnage mystère #27 - Statistiques

Statistiques générales
  • Ce quiz a été pris 256 fois
  • Le résultat moyen est 7 sur 7
Statistiques - réponses
Lettres Indices % Correct
FECH Chef
100%
NEJEU Jeune
100%
VÊRE Rêve
100%
TRA Rat
99%
NESUCII Cuisine
92%
SRETNATURA Restaurant
89%
Nom du personnage Rémy
88%
Aucun quiz correspondant
Distribution des résultats
% des personnes avec chaque résultat
Percentile par nombre de réponses
Votre historique - résultats
Vous n’avez pas pris ce quiz